Missing Word: 2008 Movies Quiz Stats

 Plays Quiz Updated Jul 5, 2012

Support Sporcle.
Go Orange.
Score 0/20 Timer 04:00
0 Plays Today
Hint Answer % Correct
Kung _____ PandaFu
98.3%
The Dark _________Knight
95.9%
The ________ HulkIncredible
95.9%
_______ and the CitySex
95.8%
_______ TorinoGran
88.4%
The ______ Case of Benjamin ButtonCurious
87.8%
Forgetting ________ MarshallSarah
87.5%
The Hurt _______ Locker
87.3%
Tropic _______Thunder
86.9%
_______ MillionaireSlumdog
84.8%
Hint Answer % Correct
_______ & MeMarley
83.2%
Definitely,_______Maybe
82.3%
Quantum of _______Solace
80.2%
The Boy in the ________ PajamasStriped
74.9%
Frost/_______Nixon
62.3%
_______ ManIron
59.1%
________ ExpressPineapple
51.9%
Vicky Cristina __________Barcelona
47.5%
Seven _______Pounds
31.6%
_________ RoadRevolutionary
27.3%

Today's Daily Dose

From the Vault

Banned Around the World II

by bowsntoys

The things people take the time to write laws about...
Remove Ads.
Support Sporcle.
Get the best of Sporcle when you Go Orange. This ad-free experience offers more features, more stats, and more fun while also helping to support Sporcle. Thank you for becoming a member.

Show Comments

Extras

Top Quizzes Today


Score Distribution

Your Account Isn't Verified!

In order to create a playlist on Sporcle, you need to verify the email address you used during registration. Go to your Sporcle Settings to finish the process.

Report this User

Report this user for behavior that violates our Community Guidelines.

Details: